书目信息 |
| 题名: |
中等城市土地使用与交通一体化规划
|
|
| 作者: | 苏海龙 著 | |
| 分册: | ||
| 出版信息: | 北京 中国建筑工业出版社 2018.06 |
|
| 页数: | 160页 | |
| 开本: | 25cm | |
| 丛书名: | ||
| 单 册: | ||
| 中图分类: | TU984.191 | |
| 科图分类: | ||
| 主题词: | 城市规划 | |
| 电子资源: | ||
| ISBN: | 978-7-112-22153-0 | |
| 000 | 00638nam0 2200193 450 | |
| 001 | 1929218109 | |
| 005 | 20190312081040.72 | |
| 010 | @a978-7-112-22153-0@dCNY56.00 | |
| 100 | @a20190312d2018 km y0chiy0120 ea | |
| 101 | 0 | @achi |
| 102 | @aCN@b110000 | |
| 200 | 1 | @a中等城市土地使用与交通一体化规划@AZhong Deng Cheng Shi Tu Di Shi Yong Yu Jiao Tong Yi Ti Hua Gui Hua@f苏海龙著@FSu Hai Long Zhu |
| 210 | @a北京@c中国建筑工业出版社@d2018.06 | |
| 215 | @a160页@d25cm | |
| 606 | 0 | @a城市规划 |
| 690 | @aTU984.191@v4 | |
| 701 | 0 | @a苏海龙@ASu Hai Long@4著 |
| 801 | 0 | @aCN@b大连网信软件有限公司图书馆·11@c20190312 |
| 905 | @aZUCC@dTU984.191@eS805 | |
| 中等城市土地使用与交通一体化规划/苏海龙著.-北京:中国建筑工业出版社,2018.06 |
| 160页;25cm |
| ISBN 978-7-112-22153-0:CNY56.00 |
| ● |
| 相关链接 |
|
|
|
正题名:中等城市土地使用与交通一体化规划
索取号:TU984.191/S805
 
预约/预借
| 序号 | 登录号 | 条形码 | 馆藏地/架位号 | 状态 | 备注 |
| 1 | 1244519 | 212445193 | 建筑库201/201建筑库 94排2列2层/ [索取号:TU984.191/S805] | 在馆 |